Rock Band By Members - Statistics

General Stats
  • This quiz has been taken 143 times
  • The average score is 8 of 15
Answer Stats
Members Band % Correct
Townshend, Daltrey, Moon, Entwistle The Who
92%
Gilmour, Waters, Mason, Wright Pink Floyd
86%
Fogerty, Fogerty, Clifford, Cook Creedence Clearwater Revival
70%
Jardine, Johnson, Love, Wilson, Wilson, Wilson The Beach Boys
66%
Gillan, Blackmore, Lord, Paice, Glover Deep Purple
65%
Lee, Lifeson, Peart Rush
65%
Gibbons, Hill, Beard ZZ Top
65%
Crosby, Stills, Nash, Young Crosby, Stills, Nash and Young
54%
Clapton, Withlock, Radle, Gordon, Allman Derek and the Dominos
44%
Bolan, Finn, Currie, Legend T, Rex
43%
Wood, Stewart, Lane, McLagan, Jones Faces
33%
Danko, Helm, Hudson, Manuel, Robertson The Band
27%
McGuinn, Clark, Crosby, Hillstone, Clarke The Byrds
25%
Furay, Martin, Palmer, Stills, Young Buffalo Springfield
23%
Steel, Burdon, Valentine, Chandler, Price The Animals
23%
No matching quizzes found
Score Distribution
Percent of People with Each Score
Percentile by Number Answered
Your Score History
You have not taken this quiz